00293nam a22000737a 4500100003900000245010900039260005600148300001500204 aShasinka, Deundara Liynage shavini aA Study on prevalence of Diabetes on Ethnicity and Carbohydrate Consumption in 3 provinces of sri lanka/ aRajagiriya.bInstitute of chemical Sciences,c2017. axiii,104p;